Diversificar: Ingresos múltiples para creadores.

Na minha lista:
Detalhes bibliográficos
Autor principal: Paredes Lazo, Alex (autor)
Formato: Livro
Publicado em: Santiago, Chile: Estrategia Radial, 2021.
Edição:Primera edición impresa.
Assuntos:
Tags: Adicionar Tag
Sem tags, seja o primeiro a adicionar uma tag!

MARC

LEADER 00000nam a22000007a 4500
003 CL-VaPUC
005 20250321101942.0
008 250204t2021 ||||| |||| 00| 0 eng d
999 |c 447011  |d 447009 
020 |a 978-956-404-338-8 
040 |c Pontificia Universidad Católica de Valparaíso 
082 |a 338.47 PAR 2021 
100 |9 896129  |a Paredes Lazo, Alex  |e autor 
245 |a Diversificar:  |b Ingresos múltiples para creadores. 
250 |a Primera edición impresa. 
260 |a Santiago, Chile:  |b Estrategia Radial,  |c 2021. 
300 |a 197 páginas:  |b ilustraciones. 
500 |a c.1-c.4. Instituto Arcos.08-01-2025. 
583 |c 20250204  |k Gabriela Rodríguez Cuevas 
650 0 |9 259599  |a Desarrollo económico  |x Aspectos sociales 
650 0 |9 553262  |a Emprendimiento  |x Industria creativa y cultural  
942 |2 ddc  |c BK  |n 0 
952 |0 0  |1 0  |2 ddc  |4 0  |6 338_470000000000000_PAR_2021  |7 0  |8 A  |9 600412  |a BIBINC  |b BIBINC  |d 2025-02-04  |e Instituto Arcos  |i 5665323  |o 338.47 PAR 2021  |p 5665323  |r 2025-02-04  |t 1  |w 2025-02-04  |y BK  |k IFP 
952 |0 0  |1 0  |2 ddc  |4 0  |6 338_470000000000000_PAR_2021  |7 0  |8 A  |9 600413  |a BIBINC  |b BIBINC  |d 2025-02-04  |e Instituto Arcos  |i 5665324  |o 338.47 PAR 2021  |p 5665324  |r 2025-02-04  |t 2  |w 2025-02-04  |y BK  |k IFP 
952 |0 0  |1 0  |2 ddc  |4 0  |6 338_470000000000000_PAR_2021  |7 0  |8 A  |9 600414  |a BIBINC  |b BIBINC  |d 2025-02-04  |e Instituto Arcos  |i 5665325  |o 338.47 PAR 2021  |p 5665325  |r 2025-02-04  |t 3  |w 2025-02-04  |y BK  |k IFP 
952 |0 0  |1 0  |2 ddc  |4 0  |6 338_470000000000000_PAR_2021  |7 0  |8 A  |9 600415  |a BIBINC  |b BIBINC  |d 2025-02-04  |e Instituto Arcos  |i 5665326  |o 338.47 PAR 2021  |p 5665326  |r 2025-02-04  |t 4  |w 2025-02-04  |y BK  |k IFP